000 00935nas a2200289 4500
001 BR0901181
003 BR-BrBNA
005 20231205113147.0
007 ta
008 230509b bl.|||p| |||| 00| 00por d
040 _aBR-BrBNA
_bpor
_cBiblioteca Nacional de Agricultura
041 _a(Pt)
072 _aL70; U30
100 1 _aRanzani, J.J.T.
100 1 _aMobricci, L.A.L.
100 1 _aBrandão, C.V.S.
100 1 _aChiurciu, J.L.V.
100 1 _aCremonini, D.N.
100 1 _aRodrigues, G.N.
245 1 _aEspessura corneana mensurada pelo paquímetro ultra-sônico e pelo microscópio especular Topcon SP-2000P em gatos
650 _aGATO
650 _aVETERINÁRIA
650 _aMICROSCOPIA ÓTICA
773 0 _tArquivo Brasileiro de Medicina Veterinária e Zootecnia (Brazil)
_xISSN 0102-0935
_g(Apr 2008), v. 60(2) p. 356-358
_wBR0901181
909 _a202311
_bLúcia
_c55
_dLúcia Elande
942 _2AGRIS
_n0
_cANA
999 _c202201
_d202201